[Event "AUTO-OPEN-1131"]
[Site "http://www.queenalice.com/game.php?id=402559"]
[Date "2008.5.13"]
[Round "1"]
[White "TheBigSid"]
[Black "PAESLEME"]
[Result "1-0"]
[WhiteElo "2097"]
[BlackElo "1469"]

1. d4 e6 2. c4 Nc6 3. Nc3 Bb4 4. Nf3 Nf6 5. Bg5 h6 6. Bxf6 Qxf6 7. e3 d6 8. Bd3
e5 9. O-O Bg4 10. d5 Ne7 11. e4 h5 12. h3 Bxf3 13. Qxf3 Qxf3 14. gxf3 Ng6 15.
Nb5 Ba5 16. a3 a6 17. Nc3 Nf4 18. Bc2 Nxh3+ 19. Kh2 Ng5 20. Bd1 Rh6 21. Be2 Rf6
22. Kg3 O-O-O 23. b4 Bb6 24. b5 a5 25. Na4 Rg6 26. Kh4 Nh7 27. Nxb6+ cxb6 28.
Rg1 Rxg1 29. Rxg1 g5+ 30. Kxh5 f6 31. Kg6 Nf8+ 32. Kxf6 Nh7+ 33. Kg6 Rd7 34. Rh1
Nf8+ 35. Kf5 Rf7+ 36. Kxg5 Kd7 37. Rh8 Ke7 38. Rg8 Nh7+ 39. Kg6 Nf8+ 40. Kg5
Nh7+ 41. Kh6 Kf6 42. Rg6+ Ke7 43. Bf1 Nf8 44. Rg7 Kf6 45. Rxf7+ Kxf7 46. Kg5
Nh7+ 47. Kf5 Nf6 48. f4 Nh5 49. fxe5 Ng7+ 50. Kf4 Kg6 51. exd6 Kf7 52. e5 Ke8
53. e6 Kd8 54. Bd3 Ne8 55. Ke5 Ng7 56. Bg6 a4 57. f4 1-0

[Event "Desafio 55"]
[Site "http://www.queenalice.com/game.php?id=416643"]
[Date "2008.6.12"]
[Round "-"]
[White "ramy"]
[Black "PAESLEME"]
[Result "1-0"]
[WhiteElo "1670"]
[BlackElo "1639"]

1. d4 d5 2. c4 Nf6 3. Nc3 Bf5 4. Nf3 Nc6 5. a3 e6 6. Bg5 h6 7. Bh4 g5 8. Bg3 Bg7
9. Nb5 Rc8 10. Qa4 a6 11. Na7 Rb8 12. Nxc6 bxc6 13. Qxc6+ Qd7 14. Qxc7 Qxc7 15.
Bxc7 Rc8 16. Be5 Rxc4 17. e4 Rc2 18. exf5 Rg8 19. fxe6 fxe6 20. Bxa6 Kf7 21. O-O
Ra8 22. Bd3 Rxb2 23. a4 g4 24. Nh4 Rd2 25. Bb5 Ne4 26. Bxg7 Kxg7 27. Rad1 Rb2
28. f3 Nc3 29. Rde1 Kf6 30. Bd7 Ne2+ 31. Rxe2 Rxe2 32. fxg4+ Ke7 33. Bb5 Re4 34.
Ng6+ Kd6 35. Rf8 Ra7 36. Rd8+ Kc7 37. Rh8 Kb6 38. Rxh6 Rxd4 39. Ne5 Re7 40. Nc6
Rd1+ 41. Kf2 Rf7+ 42. Kg3 Re1 43. Nd4 1-0

[Event "Challenge"]
[Site "http://www.queenalice.com/game.php?id=424727"]
[Date "2008.6.28"]
[Round "-"]
[White "luiz_gustavo"]
[Black "PAESLEME"]
[Result "1-0"]
[WhiteElo "1731"]
[BlackElo "1624"]

1. e4 e5 2. Nf3 Nc6 3. Bb5 d6 4. Nc3 a6 5. Ba4 b5 6. Bb3 Bg4 7. h3 Bh5 8. g4 Bg6
9. d3 h5 10. g5 h4 11. Bd5 Qd7 12. d4 O-O-O 13. Bxc6 Qxc6 14. d5 Qc5 15. Be3 Qb4
16. Qd3 Qxb2 17. Rb1 Qa3 18. Rb3 Qa5 19. O-O Ne7 20. Ne2 f5 21. Ra3 fxe4 22.
Rxa5 exd3 23. cxd3 Bxd3 24. Re1 Nxd5 25. Nc1 e4 26. Rxa6 Nb4 27. Ra8+ Kd7 28.
Rxd8+ Kxd8 29. Nd4 Kd7 30. Nxb5 Rh5 31. Nxd3 exd3 32. Rc1 Nc2 33. Bd2 Be7 34. f4
c6 35. Nc3 d5 36. Rb1 Na3 37. Rb7+ Kd6 38. Na4 Nc4 39. Bb4+ Ke6 40. Rxe7+ Kf5
41. Rf7+ Kg6 42. Rc7 d2 43. Nc3 Ne3 44. Rxc6+ Kf5 45. Rd6 Kxf4 46. Nxd5+ Kf3 47.
Nxe3 Rxg5+ 48. Kf1 Rg3 49. Bxd2 Rxh3 50. Rg6 Rh2 51. Rg2 Rh3 52. Rxg7 Rh2 53.
Nc4 1-0

[Event "Challenge"]
[Site "http://www.queenalice.com/game.php?id=424728"]
[Date "2008.6.28"]
[Round "-"]
[White "PAESLEME"]
[Black "luiz_gustavo"]
[Result "0-1"]
[WhiteElo "1658"]
[BlackElo "1705"]

1. d4 d5 2. c4 c6 3. Nc3 Nf6 4. Bg5 h6 5. Bxf6 gxf6 6. e3 e5 7. Qe2 Bb4 8. a3
Bxc3+ 9. bxc3 Be6 10. c5 Qa5 11. Qc2 b6 12. Nf3 bxc5 13. Be2 cxd4 14. exd4 Nd7
15. O-O c5 16. Rfd1 cxd4 17. cxd4 Nb6 18. dxe5 fxe5 19. Nxe5 Rc8 20. Nc6 Qa4 21.
Rdc1 Bd7 22. Qxa4 Nxa4 23. Nxa7 Rxc1+ 24. Rxc1 O-O 25. Rc7 Rd8 26. Nb5 Nb6 27.
h4 Re8 28. Kf1 Ra8 29. Rb7 Bxb5 30. Bxb5 Nc8 31. a4 Nd6 32. Rd7 Nxb5 33. axb5
Ra5 34. Rxd5 Kg7 35. f4 f6 36. Kf2 Kf7 37. Kf3 Ke6 38. Ke4 f5+ 39. Rxf5 Ra4+ 0-1

[Event "É-CEARÁ-É-VOZÃO"]
[Site "http://www.queenalice.com/game.php?id=427399"]
[Date "2008.7.4"]
[Round "-"]
[White "jw16js"]
[Black "PAESLEME"]
[Result "0-1"]
[WhiteElo "1457"]
[BlackElo "1650"]

1. g3 d5 2. d4 c5 3. dxc5 e5 4. b4 a5 5. bxa5 Bxc5 6. c3 Rxa5 7. c4 d4 8. e4 Nc6
9. Bd3 Nf6 10. h3 Nb4 11. Bd2 Nxd3+ 12. Ke2 Nxe4 13. Qb3 Ndxf2 14. Rh2 d3+ 15.
Kf3 Qf6+ 16. Kg2 Bxh3+ 17. Nxh3 Nxh3 18. Rxh3 Qf2+ 19. Kh1 Qg1# 0-1

[Event "Challenge"]
[Site "http://www.queenalice.com/game.php?id=432389"]
[Date "2008.7.13"]
[Round "-"]
[White "RicardoFialho"]
[Black "PAESLEME"]
[Result "0-1"]
[WhiteElo "1933"]
[BlackElo "1644"]

1. e4 e5 2. Nf3 Nc6 3. Nc3 Bb4 4. d3 d6 5. Bd2 Bxc3 6. Bxc3 Bg4 7. Be2 Bxf3 8.
Bxf3 Nf6 9. O-O h5 10. h3 Qe7 11. Re1 g5 12. Be2 O-O-O 13. a4 g4 14. hxg4 hxg4
15. Bxg4+ Kb8 16. Bd2 Rdg8 17. Be2 Nd4 18. Be3 Nxe4 19. Bf3 Qh4 20. g3 Nxg3 21.
fxg3 Rxg3+ 22. Bg2 Qh1+ 0-1

[Event "AUTO-INT-968"]
[Site "http://www.queenalice.com/game.php?id=434109"]
[Date "2008.7.16"]
[Round "1"]
[White "fugazeton2"]
[Black "PAESLEME"]
[Result "0-1"]
[WhiteElo "1599"]
[BlackElo "1632"]

1. d4 e6 2. e4 Nf6 3. Bg5 d5 4. e5 h6 5. Bxf6 gxf6 6. Nf3 Nc6 7. Nc3 Bg7 8. exf6
Bxf6 9. Qe2 Rg8 10. O-O-O Rg4 11. h3 Nxd4 12. Nxd4 Rxd4 13. Rxd4 Bxd4 14. Qd2
Qf6 15. f3 a5 16. g4 Bd7 17. h4 Be5 18. g5 Qxf3 19. Rg1 Bf4 20. gxh6 Bxd2+ 21.
Kxd2 O-O-O 0-1

[Event "AUTO-INT-968"]
[Site "http://www.queenalice.com/game.php?id=434110"]
[Date "2008.7.16"]
[Round "1"]
[White "PAESLEME"]
[Black "fugazeton2"]
[Result "0-1"]
[WhiteElo "1683"]
[BlackElo "1559"]

1. d4 d5 2. c4 e6 3. Nf3 Nf6 4. Nc3 Be7 5. Bf4 a6 6. a3 Bd6 7. g3 b6 8. b4 O-O
9. Bg2 Bb7 10. O-O Bxf4 11. gxf4 dxc4 12. b5 a5 13. h3 Nd5 14. Nxd5 Bxd5 15. Qc2
c6 16. Ng5 g6 17. e4 Bxe4 18. Qxe4 Qd5 19. bxc6 Nxc6 20. Qxd5 exd5 21. Bxd5 Rac8
22. Bxc4 Nxd4 23. Ba6 Rc2 24. Rfb1 Rb8 25. Rd1 Ne2+ 26. Kf1 Nxf4 27. Rd7 Rf8 28.
Rb7 Nd5 29. Rd1 Nf4 30. Rxb6 h6 31. Ne4 Nxh3 32. Rb3 Kg7 33. Rxh3 Rc6 34. Bb5
Re6 0-1

[Event "AUTO-INT-968"]
[Site "http://www.queenalice.com/game.php?id=434125"]
[Date "2008.7.16"]
[Round "1"]
[White "diego2907"]
[Black "PAESLEME"]
[Result "1-0"]
[WhiteElo "1653"]
[BlackElo "1655"]

1. e4 e5 2. Bc4 Nc6 3. Nf3 h6 4. d3 Nf6 5. h3 d5 6. exd5 Nxd5 7. Qe2 f6 8. Nc3
Bb4 9. Bd2 Bxc3 10. bxc3 a6 11. Bxd5 Qxd5 12. d4 e4 13. Nh4 O-O 14. O-O g5 15.
Ng6 Rf7 16. h4 Bf5 17. h5 Ne7 18. Be3 Nxg6 19. hxg6 Bxg6 20. c4 1-0

[Event "AUTO-INT-968"]
[Site "http://www.queenalice.com/game.php?id=434126"]
[Date "2008.7.16"]
[Round "1"]
[White "PAESLEME"]
[Black "diego2907"]
[Result "0-1"]
[WhiteElo "1673"]
[BlackElo "1635"]

1. d4 d5 2. Bf4 h6 3. h4 Bf5 4. Nf3 e6 5. a3 Nc6 6. Nc3 a6 7. b4 Bd6 8. Bxd6
Qxd6 9. e3 Nf6 10. b5 axb5 11. Nxb5 Qd7 12. Bd3 Bxd3 13. Qxd3 Na5 14. Ne5 Qd8
15. Qc3 Ne4 16. Qxc7 O-O 17. O-O Qxc7 18. Nxc7 Rac8 19. f3 Rxc7 0-1

[Event "AUTO-INT-968"]
[Site "http://www.queenalice.com/game.php?id=434137"]
[Date "2008.7.16"]
[Round "1"]
[White "PAESLEME"]
[Black "yugioh1"]
[Result "1-0"]
[WhiteElo "1620"]
[BlackElo "1512"]

1. d4 Nc6 2. c4 b6 3. d5 Nb8 4. Nf3 Bb7 5. Nc3 c6 6. e4 cxd5 7. cxd5 Nf6 8. Bf4
d6 9. e5 dxe5 10. Bxe5 e6 11. Bb5+ Ke7 12. d6+ Qxd6 13. Qxd6# 1-0

[Event "AUTO-INT-968"]
[Site "http://www.queenalice.com/game.php?id=434138"]
[Date "2008.7.16"]
[Round "1"]
[White "yugioh1"]
[Black "PAESLEME"]
[Result "0-1"]
[WhiteElo "1515"]
[BlackElo "1639"]

1. e4 e5 2. Bc4 Nf6 3. Nc3 Bb4 4. f3 Nc6 5. Nge2 O-O 6. O-O a6 7. d3 b5 8. Bd5
Nxd5 9. Nxd5 Bc5+ 10. Kh1 d6 11. f4 Bg4 12. h3 Qh4 13. Qe1 Qh5 14. Nxc7 Bxh3 15.
gxh3 Qxh3# 0-1

[Event "AUTO-INT-861"]
[Site "http://www.queenalice.com/game.php?id=435172"]
[Date "2008.7.18"]
[Round "2"]
[White "Frost"]
[Black "PAESLEME"]
[Result "0-1"]
[WhiteElo "1525"]
[BlackElo "1662"]

1. e4 e5 2. Nf3 Nc6 3. h4 f5 4. exf5 d5 5. Ng5 Bxf5 6. g4 h6 7. gxf5 hxg5 8. h5
Qf6 9. Bh3 Nh6 10. d3 Nd4 11. Nc3 Bb4 12. a3 Bxc3+ 13. bxc3 Ndxf5 14. c4 d4 15.
Qf3 O-O 16. Qd5+ Kh8 17. Qxb7 Nh4 18. Ke2 e4 19. Qxe4 Rae8 20. Qxe8 Rxe8+ 21.
Kd1 Qf3+ 0-1

[Event "AUTO-INT-861"]
[Site "http://www.queenalice.com/game.php?id=435173"]
[Date "2008.7.18"]
[Round "2"]
[White "PAESLEME"]
[Black "Frost"]
[Result "1-0"]
[WhiteElo "1672"]
[BlackElo "1536"]

1. d4 b5 2. e4 b4 3. a3 Nc6 4. axb4 Nxb4 5. Ra4 a5 6. Bd2 e6 7. Na3 c5 8. dxc5
Bxc5 9. c3 Nc6 10. b4 Bd6 11. Bb5 h5 12. Nf3 Qb6 13. Nc4 Qxb5 14. Nxd6+ Kd8 15.
Nxb5 f5 16. Ng5 Nf6 17. Nf7+ 1-0